000
00259nam a22001097a 4500
082
_a
150/TRI
100
_a
Trivedi, Deep
_9
82820
245
_a
THE BLACK BOOK OF SOUL
260
_a
Mumbai
_b
AATMAN innovation pvt ltd
_c
2020
650
_a
Philosophy
942
_c
BK
999
_c
67544
_d
67544